000
00344nam a2200145Ia 4500
008
230718s9999 xx 000 0 und d
041
_a
Eng.
082
_a
341.4
_b
ABB-L
100
_a
Abbasi, Prof. Dr. Muhammad
245
0
_a
law of Easements
260
_a
Pakistan
_b
Majeed book Publis
_c
2004
300
_a
457
650
_a
Law
999
_c
28978
_d
28978